| 000 | 00782nam a2200289Ia 4500 | ||
|---|---|---|---|
| 003 | GCL | ||
| 008 | 140319s9999 xx 000 0 ara d | ||
| 040 |
_aGCL / _cGCL |
||
| 082 | 0 | 4 |
_a520 _bع ع |
| 100 | 1 | _aعالية شعبان | |
| 245 | 1 | 0 |
_aعلم الفلك ومشكلاتة المنهجية / _cعالية شعبان |
| 260 |
_a[S.N] : _bدار الثقافة للنشر والتوزيع |
||
| 300 | _a334 ص | ||
| 490 | _a | ||
| 650 | 0 | 4 | _aالنجوم |
| 650 | 0 | 4 | _aالفلك |
| 650 | 0 | 4 | _aالفروض |
| 650 | 0 | 4 | _aالبحوث |
| 650 | 0 | 4 | _aالمعرفة |
| 650 | 0 | 4 | _aالمنطق |
| 650 | 0 | 4 | _aالكون |
| 650 | 0 | 4 | _aالكواكب |
| 650 | 0 | 4 | _aالفلكيون |
| 650 | 0 | 4 | _aمراقبة |
| 650 | 0 | 4 | _aالاحصائيات |
| 942 |
_2ddc _cBK |
||
| 999 |
_c29568 _d29568 |
||